| 000 | 04269cam a2200337 a 4500 | ||
|---|---|---|---|
| 008 | 100804s1656 fr a fr/ lat d | ||
| 040 |
_aSpMaBN _bspa _cSandra Yazo (modificó) _erdc _dSandra Yazo (modificó) |
||
| 082 |
_220 _a301.03 |
||
| 092 | _aE27N001 | ||
| 100 | 1 |
_aBeyerlinck, Laurentius _d1578-1627 _938776 |
|
| 242 | 0 | 0 |
_aTeología especulativa y moral _bcon un Índice doble: de cuestiones y secciones y otro de temas importantes. Tomo primero _cLorenzo Beyerlinck _yspa |
| 242 | 0 | 0 |
_aTeología especulativa y moral _bÍndice General del Gran Teatro de la vida humana, organizado en forma de antología universal. Comprende todos los temas, palabras, historias y ejemplos que se utilizaron en los siete tomos anteriores ... Tomo VIII _yspa |
| 245 | 1 | 0 |
_aMagnum Theatrum Vitae Humanae _bhoc est, rerum divinarum, humanarumque syntagma catholicum, philosophicum, historicum et dogmaticum ad normam Polyantheae universalis dispositum. Tomus primus _cauctore Laurentio Beyerlinck |
| 246 | _aMagnum ... ad normam Polyantheae universalis dispositi et locupletati. Index Generalis rerum, verborum, historiarum et exemplorum omnium quae in VII praecedentibus tomis comprehenduntur ... Tomus VIII. | ||
| 250 |
_aEditio novissima, [Última edición] _bsingulari cura recognita [revisada con especial cuidada] |
||
| 260 |
_aLugduni _bSumptibus Ioan. Antonii Huguetan & Marci-Antonii Rauaud [A expensas de Juan Antonio Huguet y de Marco Antonio Ravaud] _c1656 |
||
| 300 |
_a[36], 740, [2], 257 ; 675 p. _c39 x 24 cm. |
||
| 500 | _aEncuadernación flexible en pergamino. Guardas. Anteportada. Portada en dos tintas, con un grabado (editores-impresores, en el centro, la mano de Dios sostiene la esfera armilar con una frase latina “Todas las cosas son como polvo en la mano de Dios”; a ambos lados, figuras que representan al geógrafo Tolomeo y al geómetra Euclides y en la parte inferior identifica a los impresores las iniciales I. A. H. y M. R.). Dedicatoria a Fernando II, Duque de Etruria. Palabras al lector. Licencias y Censuras. Privilegio de Luis XIV (París, 1644). Papel delgado, de buena calidad con algunas manchas. Texto impreso en dos columnas, separadas por una línea vertical. Párrafos marcados con letras mayúsculas. Signaturas. Reclamos. V.1: Grabado de página entera. Incluye una segunda portada impresa en una tinta. En la portada una anotación y un sello de tinta, en el que se lee: “Colegio Mayor del Rosario”. V.8 en la portada una anotación: “Es de la Compañía de Jesús de Santa Fe, Librería. Donó Doctor Don Francisco Bastos”?. Y tres sellos de tinta: “El Colegio de Nuestra Señora del Rosario”, “Del Colegio de Nra. Sra. del Rosario” y “Colegio Mayor del Rosario”. | ||
| 505 | _aV.1: A (Abad, Abominación, Aborto… Axioma, Ácimos) -- B (Babilonia, Bachiller, Bacanal… Bien, Bondad, Bocina). | ||
| 505 | _aV.8: Índice alfabético de los contenidos (temas, palabras, historias y ejemplos) de los siete primeros tomos. | ||
| 506 | _aConsulta en sala | ||
| 546 | _aTexto en latín | ||
| 650 | 7 |
_aAntropología _vDiccionarios _938777 |
|
| 690 | _aCiencias sociales | ||
| 700 | 1 |
_aHuguetan, Jean Antoine _dfl. 1649-1680 _938778 |
|
| 700 | 1 |
_aRavaud, Marc Antoine _dfl. 163? - 1666? _938779 |
|
| 856 | 4 | 1 |
_uhttp://books.google.com.co/books?id=d9lh-_sYtngC&pg=PA463&dq=Magnum+Theatrum+vitae+humanae+1656&hl=es&sa=X&ei=zpivUZ3cIIbZ0QGh4oHQAw&ved=0CEwQ6AEwBjgK#v=onepage&q=Magnum%20Theatrum%20vitae%20humanae%201656&f=false _zDisponible en línea V.1 primera parte (A) _uhttp://books.google.com.co/books?id=4tRKAAAAcAAJ&printsec=frontcover&dq=Magnum+Theatrum+vitae+humanae+volumen+1&hl=es&sa=X&ei=ppCvUcbaAenY0QGJ_oCYBA&ved=0CC8Q6AEwAA#v=onepage&q&f=false _zDisponible en línea V.1 segunda parte (B) |
| 856 | 4 | 1 |
_uhttp://books.google.com.co/books?id=T9RKAAAAcAAJ&printsec=frontcover&dq=Magnum+Theatrum+vitae+humanae+1656&hl=es&sa=X&ei=d5ivUc_IOO6x0QGQsYDgAw&ved=0CF8Q6AEwCA#v=onepage&q&f=false _zDisponible en línea V.3 |
| 856 | 4 | 1 |
_uhttp://books.google.com.co/books?id=-yhLAAAAcAAJ&printsec=frontcover&dq=Magnum+Theatrum+vitae+humanae+1656&hl=es&sa=X&ei=d5ivUc_IOO6x0QGQsYDgAw&ved=0CDQQ6AEwAQ#v=onepage&q&f=false _zDisponible en línea V.4 |
| 942 |
_cLIBRO _e3 _2DEWEY _h301.03 |
||
| 999 |
_c167204 _d167204 |
||